<?xml version="1.0" encoding="UTF-8"?>
<record
    xmlns:xsi="http://www.w3.org/2001/XMLSchema-instance"
    xsi:schemaLocation="http://www.loc.gov/MARC21/slim http://www.loc.gov/standards/marcxml/schema/MARC21slim.xsd"
    xmlns="http://www.loc.gov/MARC21/slim">

  <leader>00721nab a2200229 uc4500</leader>
  <controlfield tag="001">638124</controlfield>
  <controlfield tag="005">20250123091207.0</controlfield>
  <controlfield tag="008">001124nuuuuuuuu                    spa  </controlfield>
  <datafield tag="035" ind1=" " ind2=" ">
    <subfield code="a">638124</subfield>
  </datafield>
  <datafield tag="035" ind1=" " ind2=" ">
    <subfield code="a">(OCoLC)819862311</subfield>
  </datafield>
  <datafield tag="040" ind1=" " ind2=" ">
    <subfield code="c">comduadb</subfield>
  </datafield>
  <datafield tag="041" ind1=" " ind2=" ">
    <subfield code="a">spa</subfield>
  </datafield>
  <datafield tag="100" ind1="1" ind2="0">
    <subfield code="a">Rosa, Miguel &#xC1;ngel</subfield>
    <subfield code="4">aut</subfield>
    <subfield code="e">aut</subfield>
    <subfield code="9">333544</subfield>
  </datafield>
  <datafield tag="245" ind1="1" ind2="3">
    <subfield code="a">El laberinto de la identidad sexual</subfield>
  </datafield>
  <datafield tag="650" ind1=" " ind2=" ">
    <subfield code="a">Sexualidad humana</subfield>
    <subfield code="9">22644</subfield>
  </datafield>
  <datafield tag="650" ind1=" " ind2="7">
    <subfield code="a">Identidad de g&#xE9;nero</subfield>
    <subfield code="2">armarc</subfield>
    <subfield code="9">14921</subfield>
  </datafield>
  <datafield tag="650" ind1=" " ind2=" ">
    <subfield code="a">Espa&#xF1;a</subfield>
    <subfield code="9">28211</subfield>
  </datafield>
  <datafield tag="650" ind1=" " ind2="7">
    <subfield code="a">Ciencia</subfield>
    <subfield code="2">lemb</subfield>
    <subfield code="9">1783</subfield>
  </datafield>
  <datafield tag="650" ind1=" " ind2=" ">
    <subfield code="a">Sociedad</subfield>
    <subfield code="9">13423</subfield>
  </datafield>
  <datafield tag="773" ind1="0" ind2=" ">
    <subfield code="t">ER. Revista de Filosof&#xED;a (Sevilla)</subfield>
    <subfield code="g">No. 24-25, 1998/ER; Revista de Filosofia (Sevilla), p. 239-254</subfield>
    <subfield code="w">112669</subfield>
    <subfield code="x">0213-1668</subfield>
    <subfield code="0">92777</subfield>
  </datafield>
  <datafield tag="942" ind1=" " ind2=" ">
    <subfield code="c">ARIMP</subfield>
  </datafield>
  <datafield tag="999" ind1=" " ind2=" ">
    <subfield code="c">167793</subfield>
    <subfield code="d">167793</subfield>
  </datafield>
</record>
